| 000 | 00497cam a22002054a 4500 | ||
|---|---|---|---|
| 005 | 20250605164255.0 | ||
| 008 | 250528s ||||||||||||||||||||||||d | ||
| 035 | _a21893 | ||
| 020 | _a9780136466215 | ||
| 040 |
_aGR-AtMCL _bgre _dGR-AtMCL _eAACR2 |
||
| 245 | 1 | _aSYSTEMS ANALYSIS AND DESIGN | |
| 250 | _a4 | ||
| 260 |
_bPrentice Hall, _c1999 |
||
| 300 | _a903 | ||
| 700 | 1 |
_aKendall Julie E _97784 |
|
| 700 | 1 |
_aKendall Kenneth E _97785 |
|
| 942 | _cBK | ||
| 999 |
_c6951 _d6951 |
||